Normal view
MARC view
- تاليف ربيع،محمد؛م.مشارك حسن الربابعة؛م.مشارك محمود مهيدات
Entry Personal Name
001 - CONTROL NUMBER
- control field: 9246
003 - CONTROL NUMBER IDENTIFIER
- control field: JO-AjAnu
005 - DATE AND TIME OF LATEST TRANSACTION
- control field: 20230606071804.0
008 - FIXED-LENGTH DATA ELEMENTS
- fixed length control field: 230606|| aca||aabn | a|a d
040 ## - CATALOGING SOURCE
- Original cataloging agency: JO-AjAnu
- Transcribing agency: JO-AjAnu
100 ## - HEADING--PERSONAL NAME
- Personal name: تاليف ربيع،محمد؛م.مشارك حسن الربابعة؛م.مشارك محمود مهيدات
670 ## - SOURCE DATA FOUND
- Source citation: Work cat.: (JO-AjAnu)4768: تاليف ربيع،محمد؛م.مشارك حسن الربابعة؛م.مشارك محمود مهيدات, author, اساسيات اللغة العربية